Slave Owning U.S. Presidents Quiz Stats

 Plays Quiz not verified by Sporcle

Also try: Australia Z-A
Challenge
Share
Tweet
Embed
Score 0/12 Timer 01:00
0 Plays Today
% Correct
George Washington
99.1%
Thomas Jefferson
97.3%
Andrew Jackson
89%
James Madison
88.7%
James Monroe
88.2%
John Tyler
77.2%
Zachary Taylor
74.9%
James K. Polk
74.1%
Martin Van Buren
71.5%
William Henry Harrison
68.8%
Andrew Johnson
61.9%
Ulysses S. Grant
57.8%

You're not logged in!

Compare scores with friends on all Sporcle quizzes.
OR
Log In

You Might Also Like...

Show Comments

Extras

Top Quizzes Today


Score Distribution

Your Account Isn't Verified!

In order to create a playlist on Sporcle, you need to verify the email address you used during registration. Go to your Sporcle Settings to finish the process.

Report this User

Report this user for behavior that violates our Community Guidelines.

Details: